000 00552nam a2200169 a 4500
005 20140412111420.0
008 080105s19uu xx 00 eng d
020 _a0-7500-2788-6
050 _aM 508.222
_bL77 1999
100 _aLlewellyn, Claire
245 _aPaint a sun in the sky :
_bA first look at the seasons /
_cby Claire Llwellyn: illustrated by Amanda Wood.
260 _aHove East Sussex :
_bMacdonald Young Books,
_c1999.
300 _a32p.
440 _aFirst look : Science
650 _aSeasons
_xJuvenile literature
999 _c106005
_d106005